000 00618nam a2200229Ia 4500
003 OSt
005 20220928145504.0
006 a|||||r|||| 00| 0
007 ta
008 220927b |||||||| |||| 00| 0 eng d
024 _a80827
037 _cTextual
040 _aSDCL
_cSDCL
_beng
041 _2eng
_aeng
082 _aX.58'N81<--N17, L2
100 _aClarke Roger A
_9513185
245 0 _aSoviet economic facts,1917--81
260 _c1972
700 _a Mtko Dubravko J I
_9513186
942 _hX.58'N81<--N17, L2
_cTEXL
_2CC
999 _c833834
_d833834